| 000 | 00438nam a2200181Ia 4500 | ||
|---|---|---|---|
| 001 | 22600 | ||
| 005 | 20260414150842.0 | ||
| 008 | 260414t1995||||xx |||||||||||||| ||spa|| | ||
| 041 | _aESP | ||
| 082 |
_a621.38212 _bS79 |
||
| 100 |
_aWright, Gary R. _eAUT |
||
| 245 | 0 |
_aTCP/IP ilustrated : _bthe implementation |
|
| 260 | _c1995 | ||
| 300 |
_a1174 páginas : _c24 cm. |
||
| 650 | _aTCA | ||
| 654 | _aCET | ||
| 942 |
_cLIB _dJUS _fJUS _2ddc _n |
||
| 999 |
_c22600 _d22600 |
||